Japan True or False - Statistics

General Stats
  • This quiz has been taken 34 times
  • The average score is 5 of 6
Answer Stats
Question Answer % Correct
What is the national flower of Japan? Sakura
100%
What did Japan invent? Emojis
90%
What is Japan's national sport? Sumo wrestling
90%
What is manga? A type of art
80%
How many provinces are in Japan? 47
70%
Did Japan colonize... Myanmar
30%
No matching quizzes found
Score Distribution
Percent of People with Each Score
Percentile by Number Answered
Your Score History
You have not taken this quiz